| 000 | 00675nam a2200229 i 4500 | ||
|---|---|---|---|
| 003 | DO-SdBNP | ||
| 005 | 20230427112140.0 | ||
| 006 | a||||gr|||| 00| 0 | ||
| 007 | ta | ||
| 008 | 230427q1931 dr ||||gr|||| 00| d spa d | ||
| 040 |
_aDO-SdBNP _bspa _cBNPHU _erda |
||
| 082 | 4 |
_222 _bS638p |
|
| 100 | 1 |
_977259 _aSmester, Rosa _c _d1874-1945 |
|
| 245 | 1 | 0 |
_aProsas. / _cRosa Smester |
| 264 |
_aSantiago, República Dominicana : _bLinotipografía "El Diario", _c¿1931? |
||
| 300 |
_a73 página ; _c19 cm. |
||
| 336 |
_2rdaconten _atexto _btxt |
||
| 337 |
_2rdamedia _asin medición _bn |
||
| 338 |
_2rdacarrier _avolumen _bnc |
||
| 590 | _aInventariado 2023 / MF | ||
| 942 |
_2ddc _cLBS1 |
||
| 999 |
_c53370 _d53370 |
||